000 01025cam a2200217 4500
001 ABS66204
008 021213n2002 000 0 eng u
035 _a(Sirsi) u120771
100 _aWilliams, A.
245 _aUnderstanding Part L- update
260 _c2002
490 _aArchitects' Journal
_v216(18) 14 November 2002, 43-57(9)
520 _aReviews the introduction of Approved Document L "Conservation of heat and power". "Part L compliance with total confidence" looks at how the revisions impacted on the roofing and cladding industry. "Real slim shady" examines some of the implications for the designer of the requirement on limiting solar overheating. "Attention to detail" gives an overview of robust details.
590 _aABS
650 _aBUILDING REGULATIONS 2000 APPROVED DOCUMENT L1 (2002 EDITION)
650 _aBUILDING REGULATIONS 2000 APPROVED DOCUMENT L2 (2002 EDITION)
690 _aBUILT ENVIRONMENT-BUILDING STANDARDS
700 _aSandhu, D.
700 _aLittlefair, P.
942 _n0
999 _c71763
_d71763